A practical guide to federal special education law : understanding and implementing PL 94-142 /

Bibliographic Details
Main Author: Jones, Philip R.
Format: Book
Language:English
Published: New York : Holt, Rinehart and Winston, [1981]
Subjects:

MARC

Tag First Indicator Second Indicator Subfields
LEADER 00000cam a22000008a 4500
001 in00000081006
005 20151008055354.0
008 810504s1981 nyu b 00110 eng
010 |a  81006212  
020 |a 0030555515 
035 |a (OCoLC)07552404 
035 |9 AAJ3288AM 
039 0 |a 2  |b 3  |c 3  |d 3  |e 3 
040 |a DLC  |c DLC  |d TXA  |d UtOrBLW 
043 |a n-us--- 
049 |a TXAM  |c [1804529] 
050 0 0 |a KF4210  |b .J67 
082 0 |a 344.73/0791  |a 347.304791  |2 19 
100 1 |a Jones, Philip R. 
245 1 2 |a A practical guide to federal special education law :  |b understanding and implementing PL 94-142 /  |c Philip R. Jones. 
263 |a 8107 
264 1 |a New York :  |b Holt, Rinehart and Winston,  |c [1981] 
264 4 |c ©1981 
300 |a xv, 220 pages ;  |c 24 cm. 
336 |a text  |b txt  |2 rdacontent 
337 |a unmediated  |b n  |2 rdamedia 
338 |a volume  |b nc  |2 rdacarrier 
504 |a Includes bibliographies and index. 
650 0 |a Children with disabilities  |x Education  |x Law and legislation  |z United States. 
999 |a MARS 
999 f f |s fc64b03e-543a-349a-aadc-548f5a992784  |i 5b34858a-caad-36c3-8dbc-59076bc4a252  |t 0 
952 f f |p ric  |a Texas A&M University  |b Rellis Campus  |c Joint Library Facility  |d Remote Storage  |t 0  |e KF4210 .J67  |h Library of Congress classification  |i unmediated -- volume  |m A14806156181 
998 f f |a KF4210 .J67  |t 0  |l Remote Storage